1865 1289 1898 1547 1115 1701 1796 1275 1694 1309 1233 1762 1133 1764 1666 1632 1910 1598 1424 1130 1394 1217 1038 1947 1319 1780 1206 1384 1769 1911 1564 1965 1464 1281 1708 1429 1242 1292 1137 1012 1495 1010 1333 1042 1542 1536 1497 1580 1063 1850 1273 1874 1925 1797 1405 1520 1601 1603 1925 1035 1599 1573 1072 1056 1014 1908 1185 1804 1948 1172 1409 1254 1222 1944 1503 1614 1551 1197 1341 1760 1159 1644 1449 1454 1046 1750 1318 1466 1861 1688 1388 1465 1489 1562 1916 1185 1990 1420 1276 BCNSPRNW ULIB Ver.6.0+V

เปลี่ยนเป็นภาษาไทย

Change to English
 แสดงรายละเอียดบรรณานุกรม
  กลับหน้าหลัก

Brief Record : Get Marc (ISO 2709) : E-mail record : QR code < ปิดหน้าต่าง
LEADER : 00000nam 2200000uu 4500
001    13399124274
003     ULIB
008    150216s2557 th 000 0 tha d
020    ^a9789746522786
060 04 ^aQS4^bก768ม
100 0  ^aเกล็ดแก้ว ด่านวิวัฒน์
245 10 ^aมหกายวิภาคศาสตร์พื้นฐาน /^cเกล็ดแก้ว ด่านวิวัฒน์
250    ^aพิมพ์ครั้งที่ 2.
260    ^aกรุงเทพฯ :^bไอกรุ๊ปเพรส,^c2557.
300    ^a196 หน้า :^bภาพประกอบ ;^c27 ซม.
500    ^aSend to Single Search.
650  4 ^aกายวิภาคศาสตร์
945    ^p250^l0^i039229
999    ^aทศพร
รายการนี้ยังไม่มีแท็ก
คุณยังไม่ได้ล็อกอิน คุณสามารถมีกิจกรรมร่วมกับเว็บไซต์ได้ แต่ต้องล็อกอินก่อน ::
  ล็อกอิน

รายการสื่อสารสนเทศ

ลำดับที่ ประเภท เลขเรียก/บาร์โค้ด สถานที่ สถานะ
1. วิทยาศาสตร์การแพทย์ และสุขภาพ
วิทยาศาสตร์การแพทย์ และสุขภาพ
สถานะ=หนังสือเก่า
QS4 ก768ม ฉ.1 
  Barcode: 039229
ห้องสมุดวิทยาเขตสวรรค์ประชารักษ์
►ส่วนจัดเก็บหนังสือเก่า สปร
บนชั้น
  ขอยืม

รายการใกล้เคียง
    ผู้แต่ง [เกล็ดแก้ว ด่านวิวัฒน์]

    หัวเรื่อง [กายวิภาคศาสตร์]

BibComment


ยังไม่เคยถูกคอมเมนท์

คอมเมนท์ทรัพยากรรายการนี้
  คอมเมนท์: มหกายวิภาคศาสตร์..


 Copyright 2026. Bcnsprnw @Library